000 01173cad a22002535a 4500
001 L152850
008 110506e20110506xxkd f s 000 0 eng d
035 _a(Sirsi) u152850
041 0 _aeng
050 0 4 _a333.33 $2 18
110 2 _aRoyal Institution of Chartered Surveyors
_bEconomics
_95033
245 0 0 _aRICS global real estate weekly
_b6 May 2011
_h[electronic resource]
260 _aLondon
_bRICS
_c2011
490 0 _aRICS Global Real Estate Weekly
_v6 May 2011
520 _aChinese property prices will continue to ease. US commercial real estate shows further signs of recovery. Korean interest rates to rise further against strong credit growth. Estimated drop in UK construction output in Q1 to be scaled back.
590 _aKA
650 2 4 _aRICS GLOBAL REAL ESTATE WEEKLY
651 4 _aInternational
690 _aPROPERTY-PROPERTY FINANCE AND INVESTMENT
690 _aPROPERTY-RESIDENTIAL PROPERTY-RESIDENTIAL PROPERTY MARKET
690 _aPROPERTY-COMMERCIAL PROPERTY-COMMERCIAL PROPERTY MARKET
856 4 0 _uhttps://www.rics.org/site/download_feed.aspx?fileID=9494&fileExtension=PDF
_zView the report free of charge at www.rics.org
942 _n0
999 _c112230
_d112230